| 000 | 01008nam a2200145 a 4500 | ||
|---|---|---|---|
| 008 | 140423s2011 ||||||||||||||||| || u | ||
| 050 | _aUNECA(058)AEG/2011C | ||
| 110 | _aUnited Nations Economic Commission For Africa(UNECA) | ||
| 245 | 1 | 0 |
_aReport of the Ad hoc Expert Group meeting on new trends in South- South and Triangular Cooperation: Implications for Southern African Countries _cby United Nations Economic Commission for Africa [UNECA] |
| 260 |
_aWindhoek: _bUNITED NATIONS ECONOMIC COMMISSION FOR AFRICA(UNECA) _c2011 |
||
| 300 | _av, 30p.: ill. | ||
| 995 |
_aSPECIAL COLLECTIONS _e1250 _FCBU-MAIN LIBRARY (Kitwe) _jUN-ECA(058)AEG/2011C _M1 _UAVAILABLE _WApr 25, 2014 _yB1250 _ZInternational Publications |
||
| 995 |
_aSPECIAL COLLECTIONS _e1258 _FCBU-MAIN LIBRARY (Kitwe) _jUN-ECA(058)AEG/2011B _M2 _UAVAILABLE _WApr 25, 2014 _yB1258 _ZInternational Publications |
||
| 995 |
_aSPECIAL COLLECTIONS _e1259 _FCBU-MAIN LIBRARY (Kitwe) _jUN-ECA(058)AEG/2011A _M3 _UAVAILABLE _WApr 25, 2014 _yB1259 _ZInternational Publications |
||
| 999 |
_c80052 _d80052 |
||